000 00857nam a2200229Ii 4500
003 JO-AjNU
008 230605s9999||||xx |||||||||||||| ||und||
017 _a2009/4/2130
020 _a978-9957-24-471-2
040 _aJO-AjNU
_bara
_erda
_cJO-AjNU
041 _aara
050 1 4 _aHF 5655 .A7.J85 2010
100 3 _aجمعة،احمد حلمي,
_eauthor
_930156
245 0 0 _aنظرية المحاسبة المالية: النموذج الدولي الجديد
250 _aط1
264 3 1 _aعمان: دار صفاء للنشر والتوزيع، 2010
300 _a384ص
_bيحتوي على ملاحق من ص 349-374 ص،يحتوي على ببلوغرافية من ص375-384 ص
336 _atext
_btxt
_2rdacontent
337 _aunmediated
_bn
_2rdamedia
338 _avolume
_bnc
_2rdacarrier
650 4 _aالمحاسبة المالية
_930157
999 _aA11921
_c15489
_d15489